Word scramble - Disney characters - Statistics

General Stats
  • This quiz has been taken 196 times
  • The average score is 15 of 30
Answer Stats
Hint Answer % Correct
sufama Mufasa
91%
bimsa Simba
90%
ykmcie Mickey
89%
oerz Zero
84%
nana Anna
81%
yowod Woody
80%
nzarta Tarzan
77%
slea Elsa
76%
moen Nemo
70%
oloab Baloo
68%
uoarar Aurora
64%
bibam Bambi
64%
okoh Hook
61%
royd Dory
57%
hcioionpc Pinocchio
56%
diadlna Aladdin
51%
aclildener Cinderella
51%
fkiari Rafiki
49%
laeir Ariel
48%
bapuma Pumbaa
43%
kelnibeltr Tinkerbell
37%
thstic Stitch
36%
rputmhe Thumper
34%
clsreheu Hercules
24%
trhate Hatter
21%
astbesina Sebastian
20%
rudefol Flounder
11%
lakkseotnecj Jack Skeleton
8%
mlasoab Absalom
2%
tlwlinrrue Will Turner
1%
No matching quizzes found
Score Distribution
Percent of People with Each Score
Percentile by Number Answered
Your Score History
You have not taken this quiz